Normal view
MARC view
- Dr. I.H. Qureshi
Entry Personal Name
001 - CONTROL NUMBER
- control field: 53414
003 - CONTROL NUMBER IDENTIFIER
- control field: NUST
005 - DATE AND TIME OF LATEST TRANSACTION
- control field: 20210421115718.0
008 - FIXED-LENGTH DATA ELEMENTS
- fixed length control field: 210421|| aca||aabn | a|a d
040 ## - CATALOGING SOURCE
- Original cataloging agency: NUST
- Transcribing agency: NUST
100 ## - HEADING--PERSONAL NAME
- Personal name: Dr. I.H. Qureshi
670 ## - SOURCE DATA FOUND
- Source citation: Work cat.: (NUST): Dr. I.H. Qureshi, A Short History of Pakistan, 2006
